[Event "Stay Safe Play From Home 256"]
[Site "Emanuel Lasker Arena"]
[Date "2020.06.26"]
[Round "7"]
[White "Lamborghini"]
[Black "SoulofWolf"]
[Result "0-1"]
[WhiteElo "2230"]
[BlackElo "2256"]
[PlyCount "116"]
[EventDate "2020.06.26"]
[EventType "swiss (blitz)"]

1. e4 {[%emt 0:00:02]} e6 {[%emt 0:00:00]} 2. d3 {[%emt 0:00:01]} c5 {[%emt 0:00:00]} 3. Nd2 {[%emt 0:00:01]} Nc6 {[%emt 0:00:00]} 4. Ngf3 {[%emt 0:00:01]} g6 {[%emt 0:00:00]} 5. h4 {[%emt 0:00:01]} Bg7 {[%emt 0:00:00]} 6. h5 {[%emt 0:00:01]} f5 {[%emt 0:00:01]} 7. exf5 {[%emt 0:00:01]} exf5 {[%emt 0:00:00]} 8. Qe2+ {[%emt 0:00:01]} Qe7 {[%emt 0:00:01]} 9. Qxe7+ {[%emt 0:00:01]} Ngxe7 {[%emt 0:00:00]} 10. Nc4 {[%emt 0:00:01]} O-O {[%emt 0:00:01]} 11. hxg6 {[%emt 0:00:02]} hxg6 {[%emt 0:00:01]} 12. Nd6 {[%emt 0:00:01]} Ne5 {[%emt 0:00:04]} 13. Nxe5 {[%emt 0:00:03]} Bxe5 {[%emt 0:00:01]} 14. Nc4 {[%emt 0:00:00]} Bg7 {[%emt 0:00:02]} 15. Nd6 {[%emt 0:00:04]} Be5 {[%emt 0:00:01]} 16. Nc4 {[%emt 0:00:01]} Bg7 {[%emt 0:00:01]} 17. Bg5 {[%emt 0:00:03]} d5 {[%emt 0:00:03]} 18. Bxe7 {[%emt 0:00:02]} Re8 {[%emt 0:00:00]} 19. O-O-O {[%emt 0:00:01]} Rxe7 {[%emt 0:00:02]} 20. Nd6 {[%emt 0:00:04]} Be6 {[%emt 0:00:03]} 21. Nb5 {[%emt 0:00:02]} a6 {[%emt 0:00:02]} 22. Nc3 {[%emt 0:00:01]} Bxc3 {[%emt 0:00:02]} 23. bxc3 {[%emt 0:00:01]} Rae8 {[%emt 0:00:00]} 24. a3 {[%emt 0:00:01]} Bd7 {[%emt 0:00:01]} 25. g3 {[%emt 0:00:01]} Ba4 {[%emt 0:00:01]} 26. Bg2 {[%emt 0:00:01]} Re2 {[%emt 0:00:02]} 27. Rd2 {[%emt 0:00:00]} Kg7 {[%emt 0:00:01]} 28. Bxd5 {[%emt 0:00:01]} b5 {[%emt 0:00:02]} 29. Rhd1 {[%emt 0:00:02]} a5 {[%emt 0:00:02]} 30. Rxe2 {[%emt 0:00:01]} Rxe2 {[%emt 0:00:01]} 31. Rd2 {[%emt 0:00:00]} Re1+ {[%emt 0:00:00]} 32. Kb2 {[%emt 0:00:01]} Re5 {[%emt 0:00:01]} 33. Bc6 {[%emt 0:00:02]} Re6 {[%emt 0:00:02]} 34. Bd7 {[%emt 0:00:01]} Rd6 {[%emt 0:00:01]} 35. Be8 {[%emt 0:00:01]} Kf8 {[%emt 0:00:02]} 36. Re2 {[%emt 0:00:02]} b4 {[%emt 0:00:03]} 37. Bxa4 {[%emt 0:00:02]} bxc3+ {[%emt 0:00:00]} 38. Kxc3 {[%emt 0:00:00]} Rb6 {[%emt 0:00:01]} 39. Bb3 {[%emt 0:00:01]} a4 {[%emt 0:00:01]} 40. Kc4 {[%emt 0:00:00]} axb3 {[%emt 0:00:00]} 41. cxb3 {[%emt 0:00:01]} Rc6 {[%emt 0:00:01]} 42. Re5 {[%emt 0:00:01]} Rd6 {[%emt 0:00:01]} 43. Rd5 {[%emt 0:00:01]} Ra6 {[%emt 0:00:00]} 44. Rxc5 {[%emt 0:00:01]} Rxa3 {[%emt 0:00:00]} 45. b4 {[%emt 0:00:00]} Kf7 {[%emt 0:00:01]} 46. Kd5 {[%emt 0:00:00]} Rxd3+ {[%emt 0:00:01]} 47. Kc6 {[%emt 0:00:01]} Ke7 {[%emt 0:00:01]} 48. b5 {[%emt 0:00:00]} Rd6+ {[%emt 0:00:01]} 49. Kc7 {[%emt 0:00:01]} Rd7+ {[%emt 0:00:00]} 50. Kb6 {[%emt 0:00:00]} Rd6+ {[%emt 0:00:01]} 51. Rc6 {[%emt 0:00:00]} Rd8 {[%emt 0:00:01]} 52. Ka6 {[%emt 0:00:00]} Rb8 {[%emt 0:00:00]} 53. b6 {[%emt 0:00:02]} Ra8+ {[%emt 0:00:01]} 54. Kb5 {[%emt 0:00:00]} Rd8 {[%emt 0:00:00]} 55. Rc7+ {[%emt 0:00:00]} Ke6 {[%emt 0:00:01]} 56. Kc6 {[%emt 0:00:00]} Rd6+ {[%emt 0:00:01]} 57. Kb7 {[%emt 0:00:00]} Ke5 {[%emt 0:00:01]} 58. Rc6 {[%emt 0:00:00]} Rd5 {[%emt 0:00:00] Zeit (Lag: Av=0.33s, max=0.7s)} 0-1

[Event "Stay Safe Play From Home 256"]
[Site "Emanuel Lasker Arena"]
[Date "2020.06.26"]
[Round "7"]
[White "Lazieri3"]
[Black "Lnram"]
[Result "0-1"]
[WhiteElo "2032"]
[BlackElo "2481"]
[PlyCount "126"]
[EventDate "2020.06.26"]
[EventType "swiss (blitz)"]

1. e4 {[%emt 0:00:02]} c5 {[%emt 0:00:01]} 2. Nc3 {[%emt 0:00:00]} e6 {[%emt 0:00:01]} 3. d3 {[%emt 0:00:00]} a6 {[%emt 0:00:01]} 4. Nf3 {[%emt 0:00:00]} d6 {[%emt 0:00:01]} 5. Bg5 {[%emt 0:00:01]} Be7 {[%emt 0:00:02]} 6. Bxe7 {[%emt 0:00:01]} Nxe7 {[%emt 0:00:00]} 7. d4 {[%emt 0:00:00]} cxd4 {[%emt 0:00:01]} 8. Nxd4 {[%emt 0:00:00]} Nbc6 {[%emt 0:00:00]} 9. Nxc6 {[%emt 0:00:01]} Nxc6 {[%emt 0:00:00]} 10. Bd3 {[%emt 0:00:00]} b5 {[%emt 0:00:00]} 11. O-O {[%emt 0:00:00]} Bb7 {[%emt 0:00:00]} 12. f3 {[%emt 0:00:01]} Ne5 {[%emt 0:00:01]} 13. Ne2 {[%emt 0:00:01]} Rc8 {[%emt 0:00:01]} 14. Qd2 {[%emt 0:00:01]} Qb6+ {[%emt 0:00:01]} 15. Kh1 {[%emt 0:00:01]} Nc4 {[%emt 0:00:01]} 16. Bxc4 {[%emt 0:00:01]} Rxc4 {[%emt 0:00:00]} 17. c3 {[%emt 0:00:02]} O-O {[%emt 0:00:01]} 18. Rad1 {[%emt 0:00:02]} d5 {[%emt 0:00:01]} 19. exd5 {[%emt 0:00:01]} Bxd5 {[%emt 0:00:01]} 20. Nf4 {[%emt 0:00:01]} Bb7 {[%emt 0:00:01]} 21. Nh5 {[%emt 0:00:07]} Qc5 {[%emt 0:00:03]} 22. Ng3 {[%emt 0:00:04]} h5 {[%emt 0:00:02]} 23. Qd6 {[%emt 0:00:02]} Qg5 {[%emt 0:00:04]} 24. Rd4 {[%emt 0:00:04]} h4 {[%emt 0:00:01]} 25. Rxc4 {[%emt 0:00:02]} bxc4 {[%emt 0:00:01]} 26. Ne4 {[%emt 0:00:03]} Bxe4 {[%emt 0:00:02]} 27. fxe4 {[%emt 0:00:00]} Kh7 {[%emt 0:00:05]} 28. Qf4 {[%emt 0:00:01]} Qxf4 {[%emt 0:00:01]} 29. Rxf4 {[%emt 0:00:00]} g5 {[%emt 0:00:01]} 30. Rf2 {[%emt 0:00:02]} Kg6 {[%emt 0:00:01]} 31. h3 {[%emt 0:00:03]} Rd8 {[%emt 0:00:01]} 32. Re2 {[%emt 0:00:01]} Rd1+ {[%emt 0:00:01]} 33. Kh2 {[%emt 0:00:01]} Rb1 {[%emt 0:00:02]} 34. e5 {[%emt 0:00:01]} a5 {[%emt 0:00:01]} 35. g3 {[%emt 0:00:02]} Kf5 {[%emt 0:00:02]} 36. gxh4 {[%emt 0:00:01]} gxh4 {[%emt 0:00:00]} 37. Kg2 {[%emt 0:00:01]} a4 {[%emt 0:00:01]} 38. a3 {[%emt 0:00:00]} Kf4 {[%emt 0:00:01]} 39. Kf2 {[%emt 0:00:02]} Rh1 {[%emt 0:00:01]} 40. Kg2 {[%emt 0:00:01]} Rb1 {[%emt 0:00:01]} 41. Kf2 {[%emt 0:00:00]} Kg5 {[%emt 0:00:01]} 42. Kg2 {[%emt 0:00:01]} f6 {[%emt 0:00:01]} 43. exf6 {[%emt 0:00:01]} Kxf6 {[%emt 0:00:00]} 44. Kf3 {[%emt 0:00:00]} e5 {[%emt 0:00:01]} 45. Re4 {[%emt 0:00:00]} Rxb2 {[%emt 0:00:01]} 46. Rxc4 {[%emt 0:00:01]} Rb3 {[%emt 0:00:00]} 47. Rxa4 {[%emt 0:00:01]} Rxc3+ {[%emt 0:00:01]} 48. Kg4 {[%emt 0:00:00]} Rc6 {[%emt 0:00:02]} 49. Kxh4 {[%emt 0:00:00]} Re6 {[%emt 0:00:00]} 50. Kg3 {[%emt 0:00:00]} Kf5 {[%emt 0:00:01]} 51. Kf2 {[%emt 0:00:00]} Rg6 {[%emt 0:00:00]} 52. Ke3 {[%emt 0:00:00]} Rg3+ {[%emt 0:00:01]} 53. Kf2 {[%emt 0:00:00]} Rxh3 {[%emt 0:00:00]} 54. Ra8 {[%emt 0:00:00]} Rh2+ {[%emt 0:00:00]} 55. Kg3 {[%emt 0:00:01]} Rb2 {[%emt 0:00:01]} 56. Rf8+ {[%emt 0:00:00]} Ke4 {[%emt 0:00:00]} 57. a4 {[%emt 0:00:00]} Rb3+ {[%emt 0:00:00]} 58. Kg4 {[%emt 0:00:00]} Ra3 {[%emt 0:00:00]} 59. Ra8 {[%emt 0:00:00]} Ke3 {[%emt 0:00:00]} 60. a5 {[%emt 0:00:00]} e4 {[%emt 0:00:00]} 61. a6 {[%emt 0:00:00]} Ke2 {[%emt 0:00:00]} 62. a7 {[%emt 0:00:00]} e3 {[%emt 0:00:00]} 63. Re8 {[%emt 0:00:00]} Ra4+ {[%emt 0:00:00] Time (Lag: Av=1.04s, max=3.4s)} 0-1

[Event "Stay Safe Play From Home 256"]
[Site "Emanuel Lasker Arena"]
[Date "2020.06.26"]
[Round "7"]
[White "Buzaglo"]
[Black "Haris kollari 13"]
[Result "0-1"]
[WhiteElo "1939"]
[BlackElo "1748"]
[Annotator "NA"]
[PlyCount "90"]
[EventDate "2020.06.26"]
[EventType "swiss (blitz)"]

1. d4 {[%emt 0:00:00]} e6 {[%emt 0:00:00]} 2. Nf3 {[%emt 0:00:00]} d5 {[%emt 0:00:00]} 3. g3 {[%emt 0:00:00]} c5 {[%emt 0:00:01]} 4. Bg2 {[%emt 0:00:00]} cxd4 {[%emt 0:00:01]} 5. O-O {[%emt 0:00:00]} Nc6 {[%emt 0:00:01]} 6. Nxd4 {[%emt 0:00:01]} f5 {[%emt 0:00:01]} 7. Nxc6 {[%emt 0:00:01]} bxc6 {[%emt 0:00:02]} 8. c4 {[%emt 0:00:00]} Bd7 {[%emt 0:00:01]} 9. Nc3 {[%emt 0:00:01]} Nf6 {[%emt 0:00:02]} 10. a3 {[%emt 0:00:01]} Bd6 {[%emt 0:00:01]} 11. b4 {[%emt 0:00:01]} O-O {[%emt 0:00:01]} 12. c5 {[%emt 0:00:01]} Bc7 {[%emt 0:00:01]} 13. Bg5 {[%emt 0:00:01]} h6 {[%emt 0:00:01]} 14. Be3 {[%emt 0:00:00]} e5 {[%emt 0:00:02]} 15. Bd2 {[%emt 0:00:02]} g5 {[%emt 0:00:01]} 16. e3 {[%emt 0:00:02]} e4 {[%emt 0:00:02]} 17. f3 {[%emt 0:00:01]} exf3 {[%emt 0:00:03]} 18. Bxf3 {[%emt 0:00:02]} g4 {[%emt 0:00:01]} 19. Bg2 {[%emt 0:00:01]} Be5 {[%emt 0:00:00]} 20. Rc1 {[%emt 0:00:03]} Ne4 {[%emt 0:00:01]} 21. Ne2 {[%emt 0:00:01]} Nxd2 {[%emt 0:00:04]} 22. Qxd2 {[%emt 0:00:00]} Qe7 {[%emt 0:00:01]} 23. Nd4 {[%emt 0:00:01]} Bxd4 {[%emt 0:00:02]} 24. Qxd4 {[%emt 0:00:01]} Rae8 {[%emt 0:00:01]} 25. Rce1 {[%emt 0:00:02]} Qf6 {[%emt 0:00:01]} 26. b5 {[%emt 0:00:01]} Qxd4 {[%emt 0:00:02]} 27. exd4 {[%emt 0:00:00]} Rxe1 {[%emt 0:00:01]} 28. Rxe1 {[%emt 0:00:01]} cxb5 {[%emt 0:00:02]} 29. Bxd5+ {[%emt 0:00:01]} Kg7 {[%emt 0:00:01]} 30. c6 {[%emt 0:00:01]} Bc8 {[%emt 0:00:01]} 31. Re7+ {[%emt 0:00:01]} Kf6 {[%emt 0:00:01]} 32. Re6+ {[%emt 0:00:02]} Kg5 {[%emt 0:00:01]} 33. Rd6 {[%emt 0:00:02]} Re8 {[%emt 0:00:02]} 34. c7 {[%emt 0:00:02]} Re2 {[%emt 0:00:08]} 35. Rd8 {[%emt 0:00:02]} Ba6 {[%emt 0:00:01]} 36. c8=Q {[%emt 0:00:02]} Bxc8 {[%emt 0:00:01]} 37. Rxc8 {[%emt 0:00:00]} Rd2 {[%emt 0:00:01]} 38. Bc6 {[%emt 0:00:02]} Rxd4 {[%emt 0:00:01]} 39. Bxb5 {[%emt 0:00:01]} Rd1+ {[%emt 0:00:01]} 40. Kf2 {[%emt 0:00:01]} Rd2+ {[%emt 0:00:01]} 41. Ke3 {[%emt 0:00:00]} Rxh2 {[%emt 0:00:01]} 42. a4 {[%emt 0:00:00]} Rg2 {[%emt 0:00:00]} 43. Rg8+ {[%emt 0:00:01]} Kf6 {[%emt 0:00:01]} 44. Rh8 {[%emt 0:00:01]} Rxg3+ {[%emt 0:00:01]} 45. Kf4 {[%emt 0:00:01]} Rf3# {[%emt 0:00:01] (Lag: Av=0.56s, max=1.1s)} 0-1

[Event "Stay Safe Play From Home 256"]
[Site "Emanuel Lasker Arena"]
[Date "2020.06.26"]
[Round "7"]
[White "Grizzzly"]
[Black "grazie"]
[Result "0-1"]
[WhiteElo "1833"]
[BlackElo "1773"]
[Annotator "NA"]
[PlyCount "106"]
[EventDate "2020.06.26"]
[EventType "swiss (blitz)"]

1. c4 {[%emt 0:00:01]} e6 {[%emt 0:00:00]} 2. Nc3 {[%emt 0:00:00]} d5 {[%emt 0:00:00]} 3. cxd5 {[%emt 0:00:01]} exd5 {[%emt 0:00:04]} 4. d4 {[%emt 0:00:00]} c6 {[%emt 0:00:00]} 5. Nf3 {[%emt 0:00:01]} Nf6 {[%emt 0:00:00]} 6. Bf4 {[%emt 0:00:01]} Bb4 {[%emt 0:00:00]} 7. e3 {[%emt 0:00:01]} Bxc3+ {[%emt 0:00:00]} 8. bxc3 {[%emt 0:00:01]} O-O {[%emt 0:00:00]} 9. Bd3 {[%emt 0:00:00]} Bg4 {[%emt 0:00:01]} 10. h3 {[%emt 0:00:01]} Bxf3 {[%emt 0:00:00]} 11. Qxf3 {[%emt 0:00:01]} Nbd7 {[%emt 0:00:00]} 12. O-O {[%emt 0:00:00]} b6 {[%emt 0:00:01]} 13. Bg5 {[%emt 0:00:01]} h6 {[%emt 0:00:01]} 14. Bxf6 {[%emt 0:00:02]} Qxf6 {[%emt 0:00:01]} 15. Qxf6 {[%emt 0:00:02]} Nxf6 {[%emt 0:00:01]} 16. Rfe1 {[%emt 0:00:00]} Rac8 {[%emt 0:00:01]} 17. e4 {[%emt 0:00:01]} dxe4 {[%emt 0:00:01]} 18. Bxe4 {[%emt 0:00:01]} c5 {[%emt 0:00:01]} 19. Rad1 {[%emt 0:00:02]} cxd4 {[%emt 0:00:01]} 20. cxd4 {[%emt 0:00:01]} Rfe8 {[%emt 0:00:02]} 21. Bd3 {[%emt 0:00:02]} Rcd8 {[%emt 0:00:03]} 22. Rxe8+ {[%emt 0:00:03]} Nxe8 {[%emt 0:00:01]} 23. g4 {[%emt 0:00:02]} Nc7 {[%emt 0:00:01]} 24. Be4 {[%emt 0:00:02]} Ne6 {[%emt 0:00:01]} 25. d5 {[%emt 0:00:01]} Nc5 {[%emt 0:00:00]} 26. d6 {[%emt 0:00:01]} Nxe4 {[%emt 0:00:01]} 27. d7 {[%emt 0:00:05]} Nc5 {[%emt 0:00:01]} 28. f4 {[%emt 0:00:04]} Rxd7 {[%emt 0:00:01]} 29. Re1 {[%emt 0:00:00]} g6 {[%emt 0:00:01]} 30. Re8+ {[%emt 0:00:01]} Kg7 {[%emt 0:00:01]} 31. Ra8 {[%emt 0:00:01]} Nd3 {[%emt 0:00:02]} 32. Kg2 {[%emt 0:00:01]} Nxf4+ {[%emt 0:00:01]} 33. Kg3 {[%emt 0:00:00]} Ne6 {[%emt 0:00:01]} 34. h4 {[%emt 0:00:01]} g5 {[%emt 0:00:01]} 35. hxg5 {[%emt 0:00:01]} hxg5 {[%emt 0:00:01]} 36. Re8 {[%emt 0:00:01]} Rd3+ {[%emt 0:00:01]} 37. Kf2 {[%emt 0:00:01]} Ra3 {[%emt 0:00:00]} 38. Rb8 {[%emt 0:00:01]} Rxa2+ {[%emt 0:00:01]} 39. Ke3 {[%emt 0:00:02]} Ra4 {[%emt 0:00:01]} 40. Rb7 {[%emt 0:00:02]} Rxg4 {[%emt 0:00:03]} 41. Rxa7 {[%emt 0:00:01]} Rf4 {[%emt 0:00:01]} 42. Ra6 {[%emt 0:00:01]} Rb4 {[%emt 0:00:03]} 43. Kf3 {[%emt 0:00:01]} Nc5 {[%emt 0:00:02]} 44. Ra8 {[%emt 0:00:01]} f6 {[%emt 0:00:01]} 45. Re8 {[%emt 0:00:01]} Kg6 {[%emt 0:00:00]} 46. Re7 {[%emt 0:00:00]} Kf5 {[%emt 0:00:01]} 47. Re1 {[%emt 0:00:00]} Rf4+ {[%emt 0:00:02]} 48. Ke2 {[%emt 0:00:01]} Ne4 {[%emt 0:00:01]} 49. Ra1 {[%emt 0:00:01]} b5 {[%emt 0:00:02]} 50. Ra5 {[%emt 0:00:01]} Nc3+ {[%emt 0:00:02]} 51. Kd2 {[%emt 0:00:02]} Rc4 {[%emt 0:00:00]} 52. Rxb5+ {[%emt 0:00:01]} Nxb5 {[%emt 0:00:01]} 53. Kd3 {[%emt 0:00:00]} Rf4 {[%emt 0:00:01] Zeit (Lag: Av=0.34s, max=0.8s)} 0-1

[Event "Stay Safe Play From Home 256"]
[Site "Emanuel Lasker Arena"]
[Date "2020.06.26"]
[Round "7"]
[White "NeatFox"]
[Black "Fischer_11"]
[Result "1-0"]
[WhiteElo "1718"]
[BlackElo "1926"]
[Annotator "NA"]
[PlyCount "57"]
[EventDate "2020.06.26"]
[EventType "swiss (blitz)"]

1. g4 {[%emt 0:00:01]} g6 {[%emt 0:00:01]} 2. Bg2 {[%emt 0:00:00]} Bg7 {[%emt 0:00:00]} 3. c4 {[%emt 0:00:00]} Nf6 {[%emt 0:00:01]} 4. Qb3 {[%emt 0:00:00]} c6 {[%emt 0:00:03]} 5. g5 {[%emt 0:00:01]} Ng8 {[%emt 0:00:03]} 6. h4 {[%emt 0:00:01]} h6 {[%emt 0:00:01]} 7. d3 {[%emt 0:00:00]} hxg5 {[%emt 0:00:01]} 8. hxg5 {[%emt 0:00:00]} Rxh1 {[%emt 0:00:02]} 9. Bxh1 {[%emt 0:00:00]} e6 {[%emt 0:00:05]} 10. Nc3 {[%emt 0:00:00]} Ne7 {[%emt 0:00:00]} 11. Ne4 {[%emt 0:00:01]} d5 {[%emt 0:00:02]} 12. cxd5 {[%emt 0:00:01]} exd5 {[%emt 0:00:01]} 13. Nf6+ {[%emt 0:00:00]} Bxf6 {[%emt 0:00:01]} 14. gxf6 {[%emt 0:00:00]} Ng8 {[%emt 0:00:02]} 15. Bg5 {[%emt 0:00:00]} Nxf6 {[%emt 0:00:02]} 16. Qc3 {[%emt 0:00:01]} Nbd7 {[%emt 0:00:01]} 17. e4 {[%emt 0:00:01]} dxe4 {[%emt 0:00:01]} 18. dxe4 {[%emt 0:00:00]} Qe7 {[%emt 0:00:02]} 19. O-O-O {[%emt 0:00:03]} Kf8 {[%emt 0:00:06]} 20. Bh6+ {[%emt 0:00:02]} Kg8 {[%emt 0:00:01]} 21. f4 {[%emt 0:00:02]} Nb6 {[%emt 0:00:09]} 22. Nf3 {[%emt 0:00:02]} Bg4 {[%emt 0:00:01]} 23. Rf1 {[%emt 0:00:03]} Kh7 {[%emt 0:00:05]} 24. Bg5 {[%emt 0:00:02]} Kg7 {[%emt 0:00:02]} 25. Bg2 {[%emt 0:00:01]} Bxf3 {[%emt 0:00:01]} 26. Bxf3 {[%emt 0:00:01]} Na4 {[%emt 0:00:04]} 27. Qd2 {[%emt 0:00:06]} Qc5+ {[%emt 0:00:02]} 28. Kb1 {[%emt 0:00:03]} Nd7 {[%emt 0:00:01]} 29. e5 {[%emt 0:00:02] Zeit (Lag: Av=0.29s, max=0.8s)} 1-0

[Event "Stay Safe Play From Home 256"]
[Site "Emanuel Lasker Arena"]
[Date "2020.06.26"]
[Round "8"]
[White "Lnram"]
[Black "Greblha"]
[Result "1-0"]
[WhiteElo "2484"]
[BlackElo "1966"]
[PlyCount "53"]
[EventDate "2020.06.26"]
[EventType "swiss (blitz)"]

1. g3 {[%emt 0:00:00]} c6 {[%emt 0:00:00]} 2. Bg2 {[%emt 0:00:01]} d5 {[%emt 0:00:00]} 3. Nf3 {[%emt 0:00:01]} Nf6 {[%emt 0:00:00]} 4. O-O {[%emt 0:00:01]} g6 {[%emt 0:00:00]} 5. d4 {[%emt 0:00:01]} Bg7 {[%emt 0:00:00]} 6. c4 {[%emt 0:00:01]} O-O {[%emt 0:00:00]} 7. Nc3 {[%emt 0:00:01]} e6 {[%emt 0:00:01]} 8. Re1 {[%emt 0:00:01]} Nbd7 {[%emt 0:00:01]} 9. e4 {[%emt 0:00:00]} dxe4 {[%emt 0:00:01]} 10. Nxe4 {[%emt 0:00:01]} Nxe4 {[%emt 0:00:00]} 11. Rxe4 {[%emt 0:00:00]} Nf6 {[%emt 0:00:00]} 12. Re1 {[%emt 0:00:01]} a6 {[%emt 0:00:01]} 13. Bg5 {[%emt 0:00:01]} Bd7 {[%emt 0:00:01]} 14. Ne5 {[%emt 0:00:01]} Qc7 {[%emt 0:00:01]} 15. Qf3 {[%emt 0:00:01]} h6 {[%emt 0:00:02]} 16. Bxf6 {[%emt 0:00:01]} Bxf6 {[%emt 0:00:01]} 17. Qxf6 {[%emt 0:00:01]} Rad8 {[%emt 0:00:01]} 18. h4 {[%emt 0:00:01]} Qd6 {[%emt 0:00:02]} 19. h5 {[%emt 0:00:01]} gxh5 {[%emt 0:00:02]} 20. Qxh6 {[%emt 0:00:01]} Qxd4 {[%emt 0:00:01]} 21. Be4 {[%emt 0:00:01]} f5 {[%emt 0:00:02]} 22. Qg6+ {[%emt 0:00:01]} Kh8 {[%emt 0:00:01]} 23. Qxh5+ {[%emt 0:00:01]} Kg8 {[%emt 0:00:01]} 24. Qg6+ {[%emt 0:00:01]} Kh8 {[%emt 0:00:01]} 25. Kg2 {[%emt 0:00:01]} Qxe4+ {[%emt 0:00:05]} 26. Rxe4 {[%emt 0:00:01]} Be8 {[%emt 0:00:03]} 27. Rh1# {[%emt 0:00:01] (Lag: Av=0.83s, max=3.2s)} 1-0

[Event "Stay Safe Play From Home 256"]
[Site "Emanuel Lasker Arena"]
[Date "2020.06.26"]
[Round "8"]
[White "Lazieri3"]
[Black "Toosieslide"]
[Result "0-1"]
[WhiteElo "2030"]
[BlackElo "2301"]
[PlyCount "50"]
[EventDate "2020.06.26"]
[EventType "swiss (blitz)"]

1. e4 {[%emt 0:00:02]} e5 {[%emt 0:00:02]} 2. Nc3 {[%emt 0:00:00]} Nf6 {[%emt 0:00:01]} 3. Nf3 {[%emt 0:00:00]} Nc6 {[%emt 0:00:01]} 4. d4 {[%emt 0:00:00]} exd4 {[%emt 0:00:01]} 5. Nxd4 {[%emt 0:00:00]} Bb4 {[%emt 0:00:01]} 6. Nxc6 {[%emt 0:00:01]} bxc6 {[%emt 0:00:00]} 7. Bd3 {[%emt 0:00:00]} d5 {[%emt 0:00:00]} 8. exd5 {[%emt 0:00:00]} cxd5 {[%emt 0:00:00]} 9. O-O {[%emt 0:00:01]} O-O {[%emt 0:00:00]} 10. Bg5 {[%emt 0:00:00]} c6 {[%emt 0:00:01]} 11. Qf3 {[%emt 0:00:01]} Be7 {[%emt 0:00:01]} 12. h3 {[%emt 0:00:01]} Be6 {[%emt 0:00:01]} 13. Bh4 {[%emt 0:00:01]} Rb8 {[%emt 0:00:02]} 14. b3 {[%emt 0:00:01]} h6 {[%emt 0:00:02]} 15. Ne2 {[%emt 0:00:04]} Rb4 {[%emt 0:00:02]} 16. Bg3 {[%emt 0:00:01]} Bd6 {[%emt 0:00:01]} 17. Bxd6 {[%emt 0:00:01]} Qxd6 {[%emt 0:00:00]} 18. Rfe1 {[%emt 0:00:03]} c5 {[%emt 0:00:01]} 19. a3 {[%emt 0:00:01]} Rbb8 {[%emt 0:00:01]} 20. Nf4 {[%emt 0:00:02]} Rfe8 {[%emt 0:00:02]} 21. Nxe6 {[%emt 0:00:01]} fxe6 {[%emt 0:00:00]} 22. Re2 {[%emt 0:00:03]} e5 {[%emt 0:00:01]} 23. Qg3 {[%emt 0:00:01]} Rbd8 {[%emt 0:00:03]} 24. f3 {[%emt 0:00:03]} e4 {[%emt 0:00:02]} 25. fxe4 {[%emt 0:00:01]} Qxg3 {[%emt 0:00:01] Lazieri3 resigns (Lag: Av=0.69s, max=1.0s)} 0-1

[Event "Stay Safe Play From Home 256"]
[Site "Emanuel Lasker Arena"]
[Date "2020.06.26"]
[Round "8"]
[White "Buzaglo"]
[Black "Lamborghini"]
[Result "0-1"]
[WhiteElo "1913"]
[BlackElo "2214"]
[PlyCount "54"]
[EventDate "2020.06.26"]
[EventType "swiss (blitz)"]

1. d4 {[%emt 0:00:01]} g6 {[%emt 0:00:00]} 2. Nf3 {[%emt 0:00:00]} Bg7 {[%emt 0:00:00]} 3. g3 {[%emt 0:00:00]} d6 {[%emt 0:00:00]} 4. Bg2 {[%emt 0:00:00]} Nf6 {[%emt 0:00:00]} 5. O-O {[%emt 0:00:00]} O-O {[%emt 0:00:00]} 6. c4 {[%emt 0:00:00]} c6 {[%emt 0:00:01]} 7. Nc3 {[%emt 0:00:00]} Qa5 {[%emt 0:00:01]} 8. e4 {[%emt 0:00:00]} Bg4 {[%emt 0:00:01]} 9. e5 {[%emt 0:00:00]} dxe5 {[%emt 0:00:01]} 10. dxe5 {[%emt 0:00:00]} Bxf3 {[%emt 0:00:02]} 11. Bxf3 {[%emt 0:00:03]} Qxe5 {[%emt 0:00:01]} 12. Re1 {[%emt 0:00:01]} Qc7 {[%emt 0:00:02]} 13. b4 {[%emt 0:00:02]} Nbd7 {[%emt 0:00:02]} 14. b5 {[%emt 0:00:01]} Rad8 {[%emt 0:00:02]} 15. bxc6 {[%emt 0:00:01]} bxc6 {[%emt 0:00:01]} 16. Qa4 {[%emt 0:00:01]} Ne5 {[%emt 0:00:03]} 17. Bg2 {[%emt 0:00:02]} Rd3 {[%emt 0:00:03]} 18. Bb2 {[%emt 0:00:04]} Nf3+ {[%emt 0:00:03]} 19. Bxf3 {[%emt 0:00:02]} Rxf3 {[%emt 0:00:00]} 20. Rad1 {[%emt 0:00:03]} h5 {[%emt 0:00:01]} 21. h4 {[%emt 0:00:01]} Qb6 {[%emt 0:00:02]} 22. Rf1 {[%emt 0:00:04]} Qxb2 {[%emt 0:00:02]} 23. Rb1 {[%emt 0:00:03]} Qxc3 {[%emt 0:00:01]} 24. Rb7 {[%emt 0:00:02]} Qd4 {[%emt 0:00:01]} 25. Rxa7 {[%emt 0:00:02]} Rxg3+ {[%emt 0:00:01]} 26. Kh1 {[%emt 0:00:01]} Rh3+ {[%emt 0:00:02]} 27. Kg1 {[%emt 0:00:01]} Qg4# {[%emt 0:00:01] (Lag: Av=0.47s, max=2.1s)} 0-1